01089nam a22001695i 4500001000700000003000900007005001700016008004100033100003100074245012200105260008900227300002100316500021700337852021700554999001900771952012900790171009ES-MaACL20230906214521.0090422s1872 sp |||| | spa d1 aEscalante, Eduardo.94746313aEl rey de les criailles b: pieza de costumbres valencianas, en un acto y en verso / coriginal de Eduardo Escalante. aValencia : bLibrería de Juan Mariana y Sanz, editor, c1872 (fImp. de Juan Guix) a27 p. ; c18 cm. aEn port.: Escrita espresamente para el primer actor cómico D. Asensio Mora, y estrenada en su beneficio con estraordinario éxito en el teatro de la Libertad (antes Princesa), la noche del 20 de enero de 1872.1 aBA jF-8576(11) z.- Enc. pasta española q.- Falto de la cub. originalz.- Enc. en un vol. facticio formando parte de la col. "Teatro español moderno", vol. 29 z.- Firma manuscrita Gustavo Saenz Diez, 1872 c171009d171009 001040708LIBXIXaATENEOMbATENEOMcSPP2d2009-04-22eDONl0oF-8576(11)p1179472r2023-02-23 00:00:00w2023-02-23yMONANT